Taylor Swift - Chansons commençant par M - Statistiques

Statistiques générales
  • Ce quiz a été pris 623 fois
    572 depuis la dernière actualisation
  • Le résultat moyen est 12 sur 19
Statistiques - réponses
M % Correct
Me!
88%
Mine
80%
The Man
80%
Mean
78%
marjorie
75%
Midnight Rain
75%
Miss Americana & The Heartbreak Prince
73%
Mastermind
70%
Maroon
68%
mirrorball
66%
mad woman
63%
My Boy Only Breaks His Favorite Toys
61%
my tears ricochet
61%
Mary's Song (Oh My My My)
57%
The Manuscript
54%
Mr. Perfectly Fine
53%
Message In A Bottle
47%
The Moment I Knew
37%
Macavity
23%
Aucun quiz correspondant
Distribution des résultats
% des personnes avec chaque résultat
Percentile par nombre de réponses
Votre historique - résultats
Vous n’avez pas pris ce quiz depuis la dernière actualisation